Гендерні особливості аплікації репрезентативних систем у мовленні особистості (на матеріалі англомовних ліричних текстів) (Запис № 284185)

МАРК-запис
000 -LEADER
fixed length control field 01921nam a22001577a 4500
041 ## - LANGUAGE CODE
Language code of text/sound track or separate title ukr
080 ## - UNIVERSAL DECIMAL CLASSIFICATION NUMBER
Universal Decimal Classification number 09
090 ## - LOCALLY ASSIGNED LC-TYPE CALL NUMBER (OCLC); LOCAL CALL NUMBER (OCLC)
Local cutter number (OCLC) ; Book number/undivided call number, CALL (RLIN) ХІН
100 ## - MAIN ENTRY--PERSONAL NAME
Personal name Хініч В.О.
245 ## - TITLE STATEMENT
Title Гендерні особливості аплікації репрезентативних систем у мовленні особистості (на матеріалі англомовних ліричних текстів)
260 ## - PUBLICATION, DISTRIBUTION, ETC. (IMPRINT)
Place of publication, distribution, etc Острог
Name of publisher, distributor, etc КАФ
Date of publication, distribution, etc 2009
300 ## - PHYSICAL DESCRIPTION
Extent 69
520 ## - SUMMARY, ETC.
Summary, etc ВСТУП<br/>РОЗДІЛ 1 ГЕНДЕРНІ ОСОБЛИВОСТІ МИСЛЕННЯ ТА МОВЛЕННЯ ОСОБЛИВОСТІ<br/>1.1 Співвідношення мислення та мовлення людини, як засіб формування картини світу.<br/>1.2 Гендерні особливості мовлення людини на фонетичному, лексичному, словотворчих рівнях на рівні стратегії мовної комунікації.<br/>1.3 Візуальна, аудіальна та кінестетична модальності, як складові глибинної структури та внутрішні еквіваленти зовнішніх відчуттів.<br/>РОЗДІЛ 2 ОСОБЛИВОСТІ ФЕМІННОЇ ТА МАСКУЛІННОЇ АПЛІКАЦІЇ РЕПРЕЗЕНТАТИВНИХ СИСТЕМ У МОВЛЕННІ (НА МАТЕРІАЛІ СУЧАСНИХ ПОЕТИЧНИХ ТЕКСТІВ)<br/>2.1 Сенсорні предикати як відображення репрезентативних систем у мовленні.<br/>2.2 Поетичні тексти, що належать чоловікам.<br/>2.3 Поетичні тексти, що належать жінкам.<br/>ВИСНОВКИ
-- мислення,гендер,фемінна та маскулінна аплікація
650 ## - SUBJECT ADDED ENTRY--TOPICAL TERM
Topical term or geographic name as entry element Research Papers
942 ## - ADDED ENTRY ELEMENTS (KOHA)
Koha item type Книги
Фонди
Withdrawn status Lost status Source of classification or shelving scheme Damaged status Not for loan Home library Current library Date acquired Source of acquisition Cost, normal purchase price Total Checkouts Full call number Barcode Date last seen Price effective from Koha item type
    Universal Decimal Classification     ВІЛ - Відділ іноземн. літератури НБ ВІЛ - Відділ іноземн. літератури НБ 16/04/2009 Акт №1 1.00   09 213468 15/12/2021 16/04/2009 Книги